Palindromic times - Statistics

General Stats
  • This quiz has been taken 20 times
    18 since last reset
  • The average score is 14 of 16
Answer Stats
Time % Correct
11:11
100%
12:21
100%
13:31
100%
14:41
100%
15:51
100%
00:00
94%
01:10
94%
10:01
94%
02:20
89%
03:30
89%
04:40
89%
05:50
89%
22:22
78%
20:02
72%
21:12
72%
23:32
72%
No matching quizzes found
Score Distribution
Percent of People with Each Score
Percentile by Number Answered
Your Score History
You have not taken this quiz since the last reset